banner koha

O campo 24 horas no ar (Registro n. 337479)

MARC details
000 -LÍDER
fixed length control field 00855nab a2200265 4500
003 - CÓDIGO MARC DA AGÊNCIA CATALOGADORA
Campo de controle BR-BrBNA
005 - DATA E HORA DA ÚLTIMA ATUALIZAÇÃO
Campo de controle 20250805234313.0
008 - CAMPO DE TAMANHO FIXO
fixed length control field 250805b bl.||||| |||| 00| 0 por d
040 ## - FONTE DA CATALOGAÇÃO
Agência catalogadora BR-BrBNA
Idioma da catalogação por
072 ## - CATEGORIA AGRIS
Código AGRIS C20 ; L10 ; L01
100 ## - ENTRADA PRINCIPAL - NOME PESSOAL
Nome pessoal Ribeiro, Juliana
245 ## - TÍTULO PRINCIPAL
Título principal O campo 24 horas no ar
Subtítulo Agronegócios
500 ## - NOTA GERAL
Nota geral 8 illus.
942 ## - ADDED ENTRY ELEMENTS (KOHA)
Koha item type Analítica
650 ## - ASSUNTO - THESAGRO
Cabeçalho tópico ou nome geográfico TELECOMUNICAÇÃO
650 ## - ASSUNTO - THESAGRO
Cabeçalho tópico ou nome geográfico TELEVISÃO
650 ## - ASSUNTO - THESAGRO
Cabeçalho tópico ou nome geográfico INFORMAÇÃO TÉCNICA
650 ## - ASSUNTO - THESAGRO
Cabeçalho tópico ou nome geográfico REBANHO
650 ## - ASSUNTO - THESAGRO
Cabeçalho tópico ou nome geográfico PRODUTIVIDADE
650 ## - ASSUNTO - THESAGRO
Cabeçalho tópico ou nome geográfico RENDIMENTO
650 ## - ASSUNTO - THESAGRO
Cabeçalho tópico ou nome geográfico INSEMINAÇÃO ARTIFICIAL
650 ## - ASSUNTO - THESAGRO
Cabeçalho tópico ou nome geográfico MELHORAMENTO GENÉTICO ANIMAL
773 0# - ENTRADA ANALÍTICA
Host Biblionumber 1706
Registro do item 347990
Imprenta São Paulo-SP Editora Três Ltda - E-mail: luizfsa@revistadinheiro.com.br 2004
Outro identificador 2025-0485
Título Dinheiro Rural (Brazil)
ISSN 1807-3700
Colação v. 7(81) p. 48-52; (Jul 2011)
Número de controle de registro BR2025002007

Nenhum exemplar disponível.

BINAGRI

Telefone: (61)3218-2567/2388/3357/2097 - binagri@agro.gov.br

Ministério da Agricultura e Pecuária , Esplanada dos Ministérios, Bloco D, Anexo B, Brasília/DF, CEP: 70.043-900